[Event "MTN-ch"]
[Site "Nouakchott"]
[Date "2019.04.03"]
[Round "8"]
[White "Hassan, Abderrahmane"]
[Black "Mohamed, Lemine Mohamed"]
[Result "0-1"]
[WhiteElo "1783"]
[BlackElo "1859"]
[PlyCount "50"]
[EventDate "2019.03.29"]
[EventType "tourn"]
[EventRounds "9"]
[EventCountry "MAU"]
[SourceTitle "CBM 190 Extra"]
[Source "ChessBase"]
[SourceDate "2019.07.15"]
[SourceVersion "1"]
[SourceVersionDate "2019.07.15"]
[SourceQuality "1"]

1. d4 d5 2. c4 Nf6 3. Nc3 c6 4. Nf3 dxc4 5. e4 b5 6. e5 Nd5 7. a4 e6 8. axb5 Nxc3 9. bxc3 cxb5 10. Ng5 Bb7 11. Qh5 Qd7 12. Nxh7 Nc6 13. Nxf8 Qxd4 14. cxd4 Rxh5 15. Be2 Rh8 16. Nxe6 fxe6 17. Bf3 a5 18. Be3 c3 19. Ke2 Kd7 20. Rhc1 b4 21. h3 Ba6+ 22. Ke1 Bc4 23. Rcb1 Ra6 24. Bd1 Rb8 25. Bc1 Nxd4 0-1

[Event "Olympiad-43"]
[Site "Batumi"]
[Date "2018.10.02"]
[Round "8.3"]
[White "Ahmad, Al Khatib"]
[Black "Mohamed, Lemine Mohamed"]
[Result "1-0"]
[WhiteElo "2355"]
[BlackElo "1844"]
[PlyCount "23"]
[EventDate "2018.09.24"]
[EventType "team-swiss"]
[EventRounds "11"]
[EventCountry "GEO"]
[SourceTitle "CBM 187"]
[Source "ChessBase"]
[SourceDate "2018.12.11"]
[SourceVersion "1"]
[SourceVersionDate "2018.12.11"]
[SourceQuality "1"]
[WhiteTeam "Jordan"]
[BlackTeam "Mauritania"]
[WhiteTeamCountry "JOR"]
[BlackTeamCountry "MAU"]

1. e4 e5 2. Bc4 Nf6 3. d3 Bc5 4. Nf3 d6 5. 0-0 0-0 6. c3 Bg4 7. Nbd2 Nc6 8. Re1 d5 9. exd5 Nxd5 10. h3 Bh5 11. Ne4 Bxf3 12. Qxf3 1-0

[Event "Olympiad-43"]
[Site "Batumi"]
[Date "2018.09.28"]
[Round "5.82"]
[White "Mohamed, Lemine Mohamed"]
[Black "Abel Mathewos, Tilahun"]
[Result "0-1"]
[WhiteElo "1844"]
[BlackElo "2015"]
[PlyCount "138"]
[EventDate "2018.09.24"]
[EventType "team-swiss"]
[EventRounds "11"]
[EventCountry "GEO"]
[SourceTitle "CBM 187"]
[Source "ChessBase"]
[SourceDate "2018.12.11"]
[SourceVersion "1"]
[SourceVersionDate "2018.12.11"]
[SourceQuality "1"]
[WhiteTeam "Mauritania"]
[BlackTeam "Ethiopia"]
[WhiteTeamCountry "MAU"]
[BlackTeamCountry "ETH"]

1. e4 e6 2. d4 d5 3. Nd2 Nc6 4. Ngf3 Nf6 5. e5 Nd7 6. Bd3 Nb4 7. Be2 c5 8. c3 Nc6 9. 0-0 Qb6 10. Nb3 cxd4 11. cxd4 a5 12. Qd3 a4 13. Nbd2 Be7 14. Re1 0-0 15. Nf1 Nb4 16. Qb1 Qd8 17. Bd2 Rb8 18. a3 Nc6 19. Bd3 g6 20. Qc2 Nb6 21. Rac1 Bd7 22. g4 Rc8 23. Qb1 Nb8 24. g5 Nc4 25. Bf4 b5 26. Ng3 Nc6 27. h4 Kg7 28. h5 Rb8 29. Kg2 Qb6 30. Be3 Nxe3+ 31. fxe3 b4 32. axb4 Nxb4 33. Be2 Bb5 34. Bxb5 Qxb5 35. Rc3 Na6 36. Rc2 a3 37. Qa2 axb2 38. Rb1 Qd3 39. h6+ Kg8 40. Rcxb2 Rxb2+ 41. Rxb2 Nb4 42. Qa7 Nc6 43. Qc7 Ba3 44. Rb6 Qc2+ 45. Kf1 Nxd4 46. Qxc2 Nxc2 47. Ke2 Nxe3 48. Rb3 Nc4 49. Nf1 Ra8 50. N1d2 Nxd2 51. Kxd2 Bf8 52. Rb7 Ra2+ 53. Kd3 Ra3+ 54. Ke2 Ra8 55. Kd3 Bc5 56. Rb5 Be7 57. Rb7 Kf8 58. Rc7 Ke8 59. Rb7 Ra3+ 60. Ke2 Ra4 61. Rb8+ Bd8 62. Ke3 Kd7 63. Rb7+ Bc7 64. Rb3 Re4+ 65. Kd3 Kc8 66. Rc3 Kb7 67. Rb3+ Bb6 68. Kd2 Kc6 69. Ra3 Rf4 0-1

[Event "Bamako zt 4.1"]
[Site "Bamako"]
[Date "2018.06.21"]
[Round "1.2"]
[White "Belouadah, Saad"]
[Black "Mohamed, Lemine Mohamed"]
[Result "1-0"]
[WhiteElo "2410"]
[BlackElo "1836"]
[PlyCount "77"]
[EventDate "2018.06.21"]
[EventType "swiss"]
[EventRounds "9"]
[EventCountry "MLI"]
[SourceTitle "EXT 2019"]
[Source "ChessBase"]
[SourceDate "2018.10.10"]
[SourceVersion "1"]
[SourceVersionDate "2018.10.10"]
[SourceQuality "1"]

1. Nc3 d5 2. d4 Nf6 3. Bg5 Bf5 4. e3 e6 5. Nge2 Be7 6. f3 Nbd7 7. g4 Bg6 8. h4 h6 9. Bf4 Bd6 10. h5 Bh7 11. Qd2 e5 12. Bg3 exd4 13. exd4 Nb6 14. 0-0-0 Nc4 15. Qe1 0-0 16. Nf4 Re8 17. Qf2 c6 18. Bd3 Qa5 19. Bxc4 dxc4 20. Nfe2 Bf8 21. Bf4 b5 22. a3 b4 23. axb4 Qxb4 24. Na2 Qa5 25. Nec3 Nd5 26. Bd2 Rab8 27. Rde1 Nxc3 28. Rxe8 Rxe8 29. Nxc3 Qa1+ 30. Nb1 Rb8 31. Bc3 Ba3 32. Qh2 Bxb2+ 33. Kd2 Bxc3+ 34. Nxc3 Qb2 35. Rc1 Rb3 36. Ne2 Rd3+ 37. Ke1 Rxd4 38. Qe5 Rd1+ 39. Rxd1 1-0